| 000 | 00521 a2200157 4500 | ||
|---|---|---|---|
| 005 | 20260331132138.0 | ||
| 008 | 260325b |||||||| |||| 00| 0 eng d | ||
| 020 | _a9789359628578 | ||
| 080 |
_aFM _bPRI/O CL |
||
| 100 | _aPriya, A. S. | ||
| 245 | _aOru bhoomi, oru veedu, oru Thankakkutty (ഒരു ഭൂമി, ഒരു വീട്, ഒരു തങ്കകുട്ടി) | ||
| 260 |
_bMathrubhumi books. _aKozhikode. _c2026. |
||
| 300 | _a159p. | ||
| 653 | _aFiction-Story-Children's Literature | ||
| 942 | _cOO | ||
| 999 |
_c115849 _d115848 |
||